000 00698nam a2200205 a 4500
999 _c2362
_d2362
001 2362
003 BD-JhCC
005 20171101170512.0
008 171101s2010 bg a|||| |||| 000 0 ben d
035 _a(BD-JhCC)2362
040 _aBD-JhCC
_dBD-JhCC
041 _aben
082 _a750.5492
_bHAS 2010
100 _aহাসান, কামরুল
245 _aবাংলাদেশের শিল্প আন্দোলন ও আমার কথা /
_cকামরুল হাসান
260 _aঢাকা:
_bপ্রথমা প্রকাশন ;
_c২০১০
300 _a২০৮ পৃ. ;
_c২২ সেমি
650 _aPainting
_zBangladesh
942 _2ddc
_cBK